00822nam a2200229 4500001000400000003000400004005001700008008004100025040000800066041000800074082001800082245006300100260003800163300001500201520022500216650002600441650001300467650003700480650002300517655001900540700003300559392OSt20250409080921.0250409b |||||||b |||| 00| 1 eng d bpor hpor aI 028.5bC119 aCachinhos Dourados /cIlustrações de Raphael Berthoud aBelo HorizontebEducacionalc1998 a23 p.bil. aCachinhos Dourados é uma menina muito curiosa que resolve entrar numa casa na floresta. Depois de descansar, comer e dormir, ela descobre que a casa pertence a uma família de ursos! O que será que acontece depois?  0aLiteratura Brasileira 0aInfantil 0aHistórias clássicas infantis 0aCachinhos Dourados 0aLivro Infantil aRaphael BerthoudeILUSTRADOR